000 01278nam a2200241Ia 4500
003 Ost
005 20260507075418.0
008 260507s9999||||xx |||||||||||||| ||und||
020 _a978993136910
040 _cfsecg
041 _aara
082 _a330
100 _aزايري، بلقاسم
_eمؤلف
245 0 _aاقتصاديات التجارة الدولية /
_c بلقاسم زايري
260 _aالجزائر:
_bدار الأيام للنشر والتوزيع,
_c2013
300 _a383 صفحة؛
_bإيضاحات ؛
_c24 سم
504 _aالمراجع ص.377
520 _aمدخل عام لدراسة اقتصاديات التجارة الدولية، تحليل نظرية التجارة الدولية عند الكلاسيك والتعديلات التي أدخلت على النمودج الأساسي، تطوير نظرية ريكاردو في التجارة الدولية، منحنى الطلب المتبادل و نظرية التجارة الدولية، نمودج نسب عناصر الإنتاج لهيكشرأؤلين، تحديث نظريات التجارة الدولية.
653 _aالتبادل التجاري
653 _aالتجارة الخارجية
653 _aالتجارة الدولية
942 _cكتاب
999 _c44454
_d44454